000 00291nam a2200121Ia 4500
008 140130s9999 xx 000 0 und d
245 _cLois Duncan
_aThe magic spider of woman
260 _bScholastic,
_c1996
440 _v1
521 _aGrade 4 - Grade 7
942 _cBK
999 _c41165
_d41165